Conference summary report : 8. International Conference on AIDS, 3. STD World Congress, Amsterdam, the Netherlands 19-24 July 1992 /
Guardat en:
| Altres autors: | |
|---|---|
| Format: | Llibre |
| Idioma: | anglès |
| Publicat: |
Cambridge, Mass. :
Harvard AIDS Institute,
[1992]
|
| Etiquetes: |
Sense etiquetes, Sigues el primer a etiquetar aquest registre!
|
MARC
| LEADER | 00000nam a22000007i 4500 | ||
|---|---|---|---|
| 001 | IT\ICCU\UBO\3618679 | ||
| 003 | ItRI | ||
| 005 | 20260115232417.0 | ||
| 008 | 090421s1992 xxu|||||| ||||| |||||c | ||
| 040 | |b ita |c importazione bologna sebina | ||
| 041 | 7 | |a eng |2 ISO-639-2 | |
| 245 | 0 | 0 | |a Conference summary report : |b 8. International Conference on AIDS, 3. STD World Congress, Amsterdam, the Netherlands 19-24 July 1992 / |c edited by Robin Gorna. |
| 260 | |a Cambridge, Mass. : |b Harvard AIDS Institute, |c [1992] | ||
| 300 | |a 64 p. : |b ill. ; |c 28 cm. | ||
| 700 | 1 | |a Gorna, Robin |0 IT\ICCU\UBOV\321828 | |
| 942 | |2 ddc |c BK |n 0 | ||
| 952 | |0 0 |1 0 |4 0 |6 A_616_979000000000000_GOR |7 0 |9 25458 |a BO |b BO |d 2026-01-15 |i 2970 |l 0 |o A 616.979 GOR |p BO2970 |r 2026-01-15 23:24:17 |w 2026-01-15 |x [Sebina 7] [1 v.] |y BK |z 1 v. | ||
| 999 | |c 21616 |d 21616 | ||